| 000 | nam a22 a 4500 | ||
|---|---|---|---|
| 999 |
_c2241 _d2241 |
||
| 003 | AKMAL | ||
| 005 | 20170515161546.0 | ||
| 008 | 170515s2000 xxk 00 eng d | ||
| 020 | _a0749433957 (Hardback) | ||
| 020 | _a0749433965 (Paperback) | ||
| 040 |
_aAKMAL _cAKMAL |
||
| 082 | 0 | 4 | _a378 DEZ |
| 090 | 0 | 0 |
_a378 _bDEZ |
| 245 | 0 | 0 |
_aLearning from change : _bLandmarks in Teaching and Learning in Higher Education from Change Magazine 1969-1999 / _cedited by Deborah DeZure |
| 260 |
_aLondon, UK : _bKogan Page Limited _c2000 |
||
| 300 | 0 | 0 |
_a460p. : _bill. ; _c23cm |
| 504 | _aIncludes bibliographical references and index | ||
| 650 | 0 |
_aEconomic development projects _xEvaluation _94706 |
|
| 650 | 0 |
_aEconomic development projects _xCitizen participation _94707 |
|
| 650 | 0 |
_aCommunity development _xEvaluation _94708 |
|
| 700 | 1 |
_aEstrella, Marisol _94709 |
|
| 942 |
_2ddc _cBOOK |
||